Регионална библиотека "Любен Каравелов" - Русе

Ясновидката (Запис номер 123386)

MARC детайли
000 -Лидер
Контролно поле с фиксирана дължина 01574nam a2200337 c 4500
003 - Код на организацията, давaща контролен номер
Контролно поле BLK
005 - Дата и час на последна редакция
Контролно поле 20180422110925.0
008 - Елементи от данни с фиксирана дължина
fixed length control field 180409b bul|||||r ||||||| ||bul||
010 ## - Наследен системен номер
LC control number KNG00129046000
040 ## - Източник на каталожния запис
Идентификатор на билиотеката - собственик на записа BLK
041 ## - Код за език
Код за езика на текст/звукозапис или на отделно заглавие Български
Код за езика КДБФ Български
080 ## - УДК
Текстов определител УДК Англоканадска литература
УДК код - определител по УДК 821.111(71)
УДК определител -31
УДК - код + определител 821.111(71)-31
100 1# - Редна дума - Автор
Автор Атууд, Маргарет
Авторска отговорност първи автор
R(LIN) 34782
139 ## - Редно поле
Редна дума Атууд, Маргарет
Авторски знак Ат - А 93
245 10 - Сведения за заглавието
Заглавие Ясновидката
Подзаглавни данни Роман
Редно поле (дума) Маргарет Атууд; прев. от англ. Мариана Шипковенска; с предг. от Аглика Йосифова Маркова.
257 ## - Страна на издаване
Страна на създаване/издаване България
260 ## - Област на издателските данни
-- София
Име на издателя, разпространителя и проч. Нар. култура
Година на издаване 1982
300 ## - Физическа характеристика
Страници 504 с.
Размери/Мащаб 16 см
380 ## - Жанр
Жанр Худож. лит.
490 1# - СЕРИИ (Колекции)
Име на серия Библиотека Панорама
№: серия 150
490 1# - СЕРИИ (Колекции)
-- Подсерия
Име на серия Серия Проза
№: серия 115
500 ## - Общи забележки
Забележка Ориг. загл. Laby oracle. - Съдържа и Маргарет Атууд - живот в дати "Какви сме в същност" / Сергей Белов. - 40 125 тир.
600 14 - Име на лице, използвано като предмет
За него / За нея Атууд, Маргарет
9 (RLIN) 34782
700 1# - Други автори (авторска отговорност)
Лично име Шипковенска, Мариана
Автороска отговорност (Описва отношението между автора и произведението) прев. от англ.
9 (RLIN) 376518
700 1# - Други автори (авторска отговорност)
Лично име Маркова, Аглика Йосифова
Автороска отговорност (Описва отношението между автора и произведението) с предг. от
9 (RLIN) 377248
852 ## - Местоположение
Форматна сигнатура Цб І 19741
856 4# - Електронен адрес и достъп
Електронен формат pdf - файл
Път до файла /url/
856 4# - Електронен адрес и достъп
Електронен формат pdf - файл
Път до файла /url/
942 ## - АРТИКУЛИ
Вид на библиотечния материал Книги
Скрит в OPAC Не
944 ## - СЪЗДАВАНЕ И РЕДАКЦИЯ на ЗАПИСА
Създаване/Редакция Създаване
Дата на регистрацията/редакция 20.03.2012
Статус, дата на статуса 20.03.2012 - от С1,Р / 20.03.2012
Служител, извършил регистрацията/редакцията Севдалина_Василева
944 ## - СЪЗДАВАНЕ И РЕДАКЦИЯ на ЗАПИСА
Създаване/Редакция Редакция
Дата на регистрацията/редакция 20.03.2012
Статус, дата на статуса 20.03.2012 - от С1,Р / 20.03.2012
Служител, извършил регистрацията/редакцията
999 ## - СИСТЕМНИ КОНТРОЛНИ НОМЕРА
Koha biblionumber 123386
Koha biblioitemnumber 123386
Наличности
Код за отписване Код за изгубен артикул Източник на класификационната схема Код за повреда Коз за рестрикции Код за отдаване Артикулен № Име на библиотеката - собственик Име на библиотеката, в която се намира в момента Статус (Текущо местоположение) Дата на вписване в системата Местоположение - отдел Цена в лева Инвентарен номер Систематично азбучна сигнатура Баркод Номер на екземпляра Цена в евро Служебна бележка Служебен тип на артикула
  Не е изгубен Universal Decimal Classification Не е повреден само за читалня ползва се в читалня 199739 Регионална библиотека "Любен Каравелов" Русе Регионална библиотека "Любен Каравелов" Русе Хранилище 1982-01-01 Хранилище 2.10 357864 Цб І 19741 120000357864 1 1.07 Дост: Dp Вид: Д N: стар фонд Дата: 01.01.1982 Книги
Изтеглен Не е изгубен Universal Decimal Classification Не е повреден без рестрикции заемане за дома 199740 Регионална библиотека "Любен Каравелов" Русе Регионална библиотека "Любен Каравелов" Русе Заемна - подръчен фонд 1982-01-01 Заемна - подръчен фонд 2.10 357225 П 820(71)-31/А 93 357225 2 1.07 Дост: Pk Вид: Ф N: стар фонд Дата: 01.01.1982 Книги
Изтеглен Не е изгубен Universal Decimal Classification Не е повреден без рестрикции заемане за дома 199741 Регионална библиотека "Любен Каравелов" Русе Регионална библиотека "Любен Каравелов" Русе Заемна - подръчен фонд 1982-01-01 Заемна - подръчен фонд 2.10 357228 П 820(71)-31/А 93 357228 3 1.07 Дост: Pk Вид: Ф N: стар фонд Дата: 01.01.1982 Книги
Vip Innovations Ltd, Rousse, Bulgaria 2025